| 000 | 00843nam a2200241 i 4500 | ||
|---|---|---|---|
| 001 | 135217 | ||
| 003 | ES-MaACL | ||
| 005 | 20260228184415.0 | ||
| 007 | t| | ||
| 008 | 070712s1978 sp ||||1| spa d | ||
| 080 | _a373.31(47)(04) | ||
| 100 | 1 |
_aTolstói, Lev, _d1828-1910 _9110489 |
|
| 245 | 1 | 3 |
_aLa escuela de Yasnaia Poliana / _cpor Lev Nikolaevich Tolstoï ; prólogo de Alejandro Sanvicens Marfull. |
| 260 |
_aBarcelona : _b[J.J. de Olañeta], _c1978. |
||
| 300 |
_a153 p. con 4 lám. : _bil. ; _c22 cm. |
||
| 490 | 1 |
_aPequeña Bibl. Calamus Scriptorius ; _v6 |
|
| 650 | 1 | 4 |
_aEnseñanza activa. _912299 |
| 650 | 1 | 4 |
_aEnseñanza- _zRusia. _912298 |
| 700 | 0 |
_aSanvisens Marfull, Alejandro _9103555 |
|
| 830 | 0 |
_aPequeña Bibl. Calamus Scriptorius ; _v6 _9219902 |
|
| 852 |
_aES-MaACL _jA-9506 _bR.97798 |
||
| 999 |
_c135217 _d135217 |
||